000 00359 a2200145 4500
001 169587
020 _a
040 _cMagnum
100 _aSociedade Brasileira de Quimica
240 1 0 _aQuimica nova - dezembro - v.20 - n.especial
_lpor
245 1 0 _aQuimica nova - dezembro - v.20 - n.especial
362 0 _a1899
697 _aPARADIDATICO
942 _cBK
999 _c169587
_d169587